00920nam a2200229 i 4500001000300000245010400003260005400107300005500161500020900216650003600425700002700461700002900488020001500517040000800532041000700540080001100547920001800558942000700576008004100583999001700624952004900641bg70aEurope's environment :bthe Dobříš Assessment /ced. by David Stanners and Philippe Bourdeau. aCopenhagen :bEuropean Environment Agency,c1995. a676 s. :bfot., mapy, rys., wykr. kolor. ;c30 cm. aThe report on the state of the pan-European environment requested by the environment ministers for the whole of Europe at the ministerial conference held at Dobříš Castle, Czechoslovakia, June 1991. 9aŚrodowisko człowiekazEuropa1 aSTANNERS, David.eRed.1 aBOURDEAU, Philipe.eRed. a9282654095 cBPK0 aen a504(4) a92-826-5409-5 cKS s pl f |000 0 pol  c30806d30806 00104070aBPKbBPKcwo37663p01963816yKS